000 00406nam a22001697a 4500
003 MPLRDC
005 20220104113950.0
008 210129b ||||| |||| 00| 0 eng d
082 _a848.2 OYZ-2
100 _a欧阳子著
245 _a那长头发的女孩
_c
260 _a
_b大林出版社
_c1984
300 _b
490 _a大林文库;25
650 _a现代别集
942 _cBK
_o848.2 OYZ-2
999 _c3759
_d3749